Ayer soñé con Valparaíso
Guardat en:
| Autor principal: | |
|---|---|
| Format: | Llibre |
| Idioma: | espanyol |
| Publicat: |
Santiago
DIBAM
1999
|
| Matèries: | |
| Etiquetes: |
Afegir etiqueta
Sense etiquetes, Sigues el primer a etiquetar aquest registre!
|
MARC
| LEADER | 00000nam a2200000 a 4500 | ||
|---|---|---|---|
| 001 | UCO8318 | ||
| 003 | CL-VaPUC | ||
| 008 | 001201e19990000CL |||||||||||||||||spa|d | ||
| 020 | |a 956284093X | ||
| 082 | 0 | 4 | |a Ch864 |b PEÑ |2 21 |
| 100 | 0 | |a Peña Muñoz, Manuel |e author |9 453200 | |
| 245 | 1 | 0 | |a Ayer soñé con Valparaíso |
| 300 | |a 327 p | ||
| 651 | 0 | |a Valparaíso, Chile |9 261144 | |
| 942 | |c BK | ||
| 945 | |d 20001201 00:00:00 |a rbrito | ||
| 260 | |a Santiago |b DIBAM |c 1999 | ||
| 650 | 0 | |a Ensayos chilenos |9 269132 | |
| 583 | |a last modification |c 20001201 00:00:00 |k Rodrigo Vera | ||
| 999 | |c 293010 |d 293008 | ||
| 952 | |0 0 |1 0 |4 0 |6 CH_864_000000000000000_PEÑ_1999 |7 0 |8 X |9 344106 |a BIBHIS |b BIBHIS |d 2019-11-20 |i 3653498 |o Ch864 PEÑ 1999 |p 3653498 |r 2024-01-30 |w 2019-11-20 |y BK_X |k HIS | ||
| 952 | |0 0 |1 0 |4 0 |6 CH_864_000000000000000_PEÑ_1999 |7 0 |8 A |9 344107 |a FDOPOS |b FDOPOS |d 2019-11-20 |i 3704734 |o Ch864 PEÑ 1999 |p 3704734 |r 2025-01-22 |w 2019-11-20 |y BK |k MLH | ||
| 952 | |0 0 |1 0 |4 0 |6 CH_864_000000000000000_PEÑ_1999 |7 0 |8 X |9 344108 |a BIBHIS |b BIBHIS |d 2019-11-20 |i 4056027 |o Ch864 PEÑ 1999 |p 4056027 |r 2024-01-30 |w 2019-11-20 |y BK_X |k HIS | ||